Sautés et Plats au Wok - Mort Subite - Statistiques

Statistiques générales
  • Ce quiz a été pris 55 fois
  • Le résultat moyen est 4 sur 16
Answers on the Grid
Answers color-coded by a green-red scale on the quiz's grid according to % correct below.
Pad thai
Pad kaprao / Pad kaprow
Nasi goreng nanas
Riz frit au kimchi / Kimchi-bokkeumbap
Japchae
Dak-galbi
Crevettes Shanghai / You bao xia
Lomo saltado
Gratin dauphinois
Chankonabe
Gibelotte de Sorel
Guacamole
Momo
Poke
Naengmyeon
Penne all'arrabbiata
Gobi matar
Poulet chasseur
Chow mein
Tempe orek
Black pepper crab
Crevettes aux poivrons
Yakisoba
Poulet impérial / Poulet kung pao
Tabbouleh
Idli / Idly
Pla neung manao
Bak kut teh
 
Statistiques - réponses
Réponse % Correct
Pad thai
70%
Poulet impérial / Poulet kung pao
52%
Riz frit au kimchi / Kimchi-bokkeumbap
52%
Crevettes Shanghai / You bao xia
42%
Pad kaprao / Pad kaprow
33%
Crevettes aux poivrons
30%
Nasi goreng nanas
24%
Chow mein
18%
Yakisoba
18%
Black pepper crab
15%
Japchae
15%
Tempe orek
15%
Dak-galbi
9%
Lomo saltado
9%
Poulet chasseur
9%
Gobi matar
0%
Aucun quiz correspondant
Distribution des résultats
% des personnes avec chaque résultat
Percentile par nombre de réponses
Votre historique - résultats
Vous n’avez pas pris ce quiz